000 010040000a22002290004500
001 14870
020 _a958-648-350-9
041 0 _aSpa.
082 0 4 _aG 001.42 L6161p
100 1 _aLerma, Hector Daniel
245 1 0 _aPresentación de informes : el documento final de investigación / Héctor Daniel Lerma
250 _a2 ed.
260 _aBogotá : Ecoe
300 _a93 Pag.
505 0 0 _aElementos preliminares -- Cuerpo del trabajo -- Elementos complementarios -- Redacción de capítulos -- Lista tablas -- Lista de figuras -- Lista de anexos.
520 _aElementos preliminares - Cuerpo del trabajo - Elementos complementarios - Redacción de capítulos - Lista tablas - Lista de figuras - Lista de anexos
650 1 4 _aREDACCION DE ESCRITOS TECNICOS \ METODOLOGIA \ METODOLOGIA DE LA INVESTIGACION \ ANALISIS DE LA INFORMACION \ INFORMES EDUCATIVOS
942 _cBK
999 _c43689
_d43689
336 _atexto
_btxt
_2rdacontent
337 _2rdamedia
_asin mediación
_bn
338 _2rdacarrier
_avolumen
_bnc